000 00643nam a2200217 4500
003 OSt
005 20240702045924.0
006 a
008 240702b |||||||| |||| 00| 0 eng d
020 _a9789814246590
040 _aDWCL-Main lib.
_cOC
082 _2Fourth edition
_aCirc. 005.133 B869f 2008
100 _aBronson, Gary J.
245 _aA first book of ANSI C /
250 _aFourth edition
260 _aSingapore :
_bCengage Learning Asia Pte Ltd. ,
_cc2008.
300 _b768 p. : ill. ;
_c24 cm.
504 _aIncludes index.
650 _a1. C (Computer program language).
942 _2ddc
_n0
_cBK-CIRC
_eFourth edition
_kCirc.
999 _c1778
_d1778